000 00474nam a2200169Ia 4500
005 20240913125729.0
008 240913s9999||||xx |||||||||||||| ||und||
020 _a978-0-07-107705-7
041 _aENGLISH
082 _A629.1 Q0
100 _aMark davies
245 4 _aThe Standard Hand Book for Aeronautical and Astronautical Engineers
260 _c2010
_bTata Mcgraw Hill,New
500 _aREFERENCE
650 _aAeronatical
_bAerospace Engineering
942 _cREF
999 _c246148
_d246148